All ROH Wrestling Title Winners - Statistics

General Stats
  • This quiz has been taken 126 times
    13 since last reset
  • The average score is 142 of 224
Answer Stats
Title Champion % Correct
Women's World Athena
100%
Pure | World Bryan Danielson
100%
6-Man Tag Team | Television | World | World Tag Team Christopher Daniels
100%
World | World Tag Team CM Punk
100%
6-Man Tag Team | World Tag Team Frankie Kazarian
100%
World Low Ki
100%
Pure | Television | World Samoa Joe
100%
6-Man Tag Team | World Bandido
91%
6-Man Tag Team | World Tag Team Brody King
91%
6-Man Tag Team | World Cody
91%
6-Man Tag Team | World Tag Team Dustin Rhodes
91%
Television | World Tag Team El Generico
91%
Television | World Tag Team Kenny King
91%
6-Man Tag Team | World Tag Team Matt Jackson
91%
6-Man Tag Team | World Tag Team Nick Jackson
91%
6-Man Tag Team | World Tag Team Scorpio Sky
91%
Television | World | World Tag Team Adam Cole
82%
6-Man Tag Team Adam Page
82%
World | World Tag Team Austin Aries
82%
6-Man Tag Team Boy #1
82%
6-Man Tag Team Boy #2
82%
6-Man Tag Team Brandon Tate
82%
6-Man Tag Team Brent Tate
82%
World Chris Jericho
82%
World | World Tag Team Claudio Castagnoli
82%
World Tag Team Colt Cabana
82%
6-Man Tag Team | Television | World Dalton Castle
82%
World | World Tag Team Kevin Steen
82%
Pure Lee Moriarty
82%
Pure | World Nigel McGuinness
82%
Television | World | World Tag Team Roderick Strong
82%
Women's World Rok-C
82%
World | World Tag Team Rush
82%
World Tag Team Sammy Guevara
82%
World Xavier
82%
Pure | World Tag Team AJ Styles
73%
Women's of Honor Angelina Love
73%
Television | World Tag Team Bobby Fish
73%
6-Man Tag Team Bully Ray
73%
World Tag Team Chris Hero
73%
Women's Pure | Women's World Deonna Purrazzo
73%
Television | World | World Tag Team Eddie Edwards
73%
World | World Tag Team Homicide
73%
World James Gibson
73%
6-Man Tag Team | World | World Tag Team Jay Briscoe
73%
World Jerry Lynn
73%
World | World Tag Team Kyle O'Reilly
73%
6-Man Tag Team | World | World Tag Team Mark Briscoe
73%
Women's World Mercedes Martinez
73%
Television Minoru Suzuki
73%
World Tag Team MJF
73%
6-Man Tag Team | World | World Tag Team PCO
73%
Television Punishment Martinez
73%
6-Man Tag Team | Television Shane Taylor
73%
World Takeshi Morishima
73%
World | World Tag Team Tyler Black
73%
World Tag Team Amazing Red
64%
World | World Tag Team Davey Richards
64%
World Tag Team Dragon Lee
64%
World Eddie Kingston
64%
Pure | Television | World | World Tag Team Jay Lethal
64%
World Tag Team Jeff Hardy
64%
World Tag Team Jimmy Jacobs
64%
Pure | World | World Tag Team Jonathan Gresham
64%
Television | World Tag Team Kyle Fletcher
64%
6-Man Tag Team Marshall Von Erich
64%
6-Man Tag Team | Television Marty Scurll
64%
World Tag Team Matt Hardy
64%
6-Man Tag Team | Television | World | World Tag Team Matt Taven
64%
Women's TV Mercedes Moné
64%
World Tag Team Mike Bennett
64%
Television Nick Wayne
64%
Women's TV Red Velvet
64%
6-Man Tag Team Ross Von Erich
64%
Television Will Ospreay
64%
6-Man Tag Team Austin Gunn
55%
6-Man Tag Team Bishop Kaun
55%
6-Man Tag Team Carlie Bravo
55%
World Tag Team Charlie Haas
55%
6-Man Tag Team Colten Gunn
55%
Pure Doug Williams
55%
Television Dragon Lee
55%
6-Man Tag Team Jay White
55%
Pure Josh Woods
55%
6-Man Tag Team Kaun
55%
Television Komander
55%
World Tag Team Mark Davis
55%
World Michael Elgin
55%
World Tag Team Shelton Benjamin
55%
World Tag Team The Beast Mortos
55%
Television | World Tag Team Tracy Williams
55%
6-Man Tag Team Truth Magnum
55%
6-Man Tag Team Vinny Marseglia
55%
Pure Wheeler Yuta
55%
Women's TV Billie Starkz
45%
6-Man Tag Team | Television Brian Cage
45%
World Tag Team Cash Wheeler
45%
Pure Daniel Garcia
45%
World Tag Team Dax Harwood
45%
6-Man Tag Team Dutch
45%
World Tag Team Penta El Zero Miedo
45%
World Tag Team Rey Fénix
45%
Television | World Tag Team Rhett Titus
45%
World Tag Team Tama Tonga
45%
World Tag Team Tanga Loa
45%
Television Tommaso Ciampa
45%
Television Tomohiro Ishii
45%
6-Man Tag Team Turbo Floyd
45%
6-Man Tag Team Vincent
45%
World Tag Team Alex Shelley
36%
World Tag Team BJ Whitmer
36%
6-Man Tag Team Capt. Shawn Dean
36%
World Tag Team Chris Sabin
36%
6-Man Tag Team Flamita
36%
Television Jeff Cobb
36%
Television Kushida
36%
World Tag Team Rocky Romero
36%
World Tag Team Steve Corino
36%
Women's of Honor Sumie Sakai
36%
Television Atlantis Jr.
27%
6-Man Tag Team Bateman
27%
World Tag Team Dan Maff
27%
Women's of Honor Kelly Klein
27%
World Tag Team Matt Sydal
27%
6-Man Tag Team Moses
27%
Television Silas Young
27%
6-Man Tag Team Toa Liona
27%
World Tag Team Alex Koslov
18%
World Tag Team Chris Dickinson
18%
World Tag Team Donovan Morgan
18%
World Tag Team Hanson
18%
Pure John Walters
18%
Pure Katsuyori Shibata
18%
Women's of Honor Mayu Iwatani
18%
World Tag Team Raymond Rowe
18%
6-Man Tag Team Rey Horus
18%
World Tag Team Ricky Reyes
18%
6-Man Tag Team T. K. O'Ryan
18%
Television Tony Deppen
18%
World Tag Team Trent Acid
18%
World Tag Team Dixie
9%
World Tag Team HC Loc
9%
World Tag Team Izzy
9%
World Tag Team Johnny Kashmere
9%
World Tag Team Naruki Doi
9%
World Tag Team Sal Rinauro
9%
World Tag Team Shingo
9%
World Tag Team Tony DeVito
9%
World Tag Team Tony Mamaluke
9%
No matching quizzes found
Score Distribution
Percent of People with Each Score
Percentile by Number Answered
Your Score History
You have not taken this quiz since the last reset